Management of rework in Hong Kong construction projects (Record no. 106708)
[ view plain ]
| 000 -LEADER | |
|---|---|
| fixed length control field | 01094cam a2200241 4500 |
| 001 - CONTROL NUMBER | |
| control field | L137271 |
| 008 - FIXED-LENGTH DATA ELEMENTS--GENERAL INFORMATION | |
| fixed length control field | 070327s2005 xxk f 000 0 eng d |
| 020 ## - INTERNATIONAL STANDARD BOOK NUMBER | |
| International Standard Book Number | 1741071011 |
| 035 ## - SYSTEM CONTROL NUMBER | |
| System control number | (Sirsi) u137271 |
| 041 0# - LANGUAGE CODE | |
| Language code of text/sound track or separate title | eng |
| 100 1# - MAIN ENTRY--PERSONAL NAME | |
| Personal name | Palaneeswaran, Ekambaram |
| 245 00 - TITLE STATEMENT | |
| Title | Management of rework in Hong Kong construction projects |
| Medium | [electronic resource] |
| 260 ## - PUBLICATION, DISTRIBUTION, ETC. | |
| Place of publication, distribution, etc. | Brisbane |
| Name of publisher, distributor, etc. | Queensland University of Technology |
| Date of publication, distribution, etc. | 2005 |
| 490 #0 - SERIES STATEMENT | |
| Series statement | COBRA |
| Volume/sequential designation | 2005 |
| 520 ## - SUMMARY, ETC. | |
| Summary, etc. | Discusses the factors that contribute to the incidence of rework in projects, such as design changes, poor management of the design process and ineffective planning. Discusses how such activities can adversely affect the project performance, productivity and the profit margins of organisations participating in a project. |
| 651 #4 - SUBJECT ADDED ENTRY--GEOGRAPHIC NAME | |
| Geographic name | HONG KONG |
| 690 ## - LOCAL SUBJECT ADDED ENTRY--TOPICAL TERM (OCLC, RLIN) | |
| Topical term or geographic name as entry element | Construction management |
| 9 (RLIN) | 6230 |
| 700 1# - ADDED ENTRY--PERSONAL NAME | |
| Personal name | Kumaraswamy, Mohan |
| 700 1# - ADDED ENTRY--PERSONAL NAME | |
| Personal name | Ng, Thomas |
| 700 1# - ADDED ENTRY--PERSONAL NAME | |
| Personal name | Love, Peter |
| 856 40 - ELECTRONIC LOCATION AND ACCESS | |
| Uniform Resource Identifier | <a href="https://www.rics.org/site/scripts/download_info.aspx?downloadID=2603">https://www.rics.org/site/scripts/download_info.aspx?downloadID=2603</a> |
| Public note | View the item free of charge at www.rics.org... |
| 942 ## - ADDED ENTRY ELEMENTS (KOHA) | |
| Suppress in OPAC | 0 |
| Withdrawn status | Lost status | Source of classification or shelving scheme | Damaged status | Not for loan | Home library | Current library | Shelving location | Date acquired | Total Checkouts | Full call number | Barcode | Date last seen | Copy number | Price effective from | Koha item type |
|---|---|---|---|---|---|---|---|---|---|---|---|---|---|---|---|
| Dewey Decimal Classification | Virtual | Virtual | Online | 27/03/2007 | ONLINE PUBLICATION | 137271-1001 | 06/08/2019 | 1 | 06/08/2019 | Book |